[Event "World Amateur-ch U2300"]
[Site "Muscat"]
[Date "2023.11.04"]
[Round "3"]
[White "Bartakke, Amardeep S"]
[Black "Lednicky, Martin"]
[Result "1-0"]
[WhiteElo "1963"]
[BlackElo "2103"]
[PlyCount "93"]
[EventDate "2023.11.02"]
[EventType "swiss"]
[EventRounds "9"]
[EventCountry "OMN"]
[SourceTitle "CB46_2023"]
[SourceDate "2023.11.15"]
[SourceVersion "1"]
[SourceVersionDate "2023.11.15"]
[SourceQuality "1"]

1. e4 e6 2. d4 d5 3. Bd3 c5 4. exd5 exd5 5. Nf3 Nf6 6. 0-0 Be7 7. dxc5 Nc6 8. Nbd2 0-0 9. Nb3 Bg4 10. h3 Bh5 11. c3 Qc7 12. Be3 Ne5 13. Be2 Nc4 14. Bc1 Rfe8 15. Nfd4 Bxe2 16. Nxe2 Bxc5 17. Nxc5 Qxc5 18. Qd4 Qc6 19. Ng3 Nd6 20. Bf4 Nb5 21. Qd3 Re6 22. Rad1 Rae8 23. Bg5 Nc7 24. Nf5 Qc4 25. Qxc4 dxc4 26. Nd6 Rf8 27. Bxf6 Rxf6 28. Nxc4 b5 29. Ne3 a5 30. Rd7 Rc6 31. Nf5 Rc5 32. Ne3 Re8 33. Rfd1 Kf8 34. R1d4 g6 35. a4 Ne6 36. Rh4 Kg7 37. axb5 Rxb5 38. b4 axb4 39. cxb4 Rc8 40. Re4 Rc6 41. Ng4 Rf5 42. Ne5 Rc1+ 43. Kh2 Rxf2 44. Ng4 Ng5 45. Nxf2 Nxe4 46. Nxe4 Rc4 47. Rxf7+ 1-0

[Event "World Amateur-ch U2300"]
[Site "Muscat"]
[Date "2023.11.03"]
[Round "2"]
[White "Lednicky, Martin"]
[Black "Bauyrzhan, Arnash"]
[Result "0-1"]
[WhiteElo "2103"]
[BlackElo "1993"]
[PlyCount "82"]
[EventDate "2023.11.02"]
[EventType "swiss"]
[EventRounds "9"]
[EventCountry "OMN"]
[SourceTitle "CB46_2023"]
[SourceDate "2023.11.15"]
[SourceVersion "1"]
[SourceVersionDate "2023.11.15"]
[SourceQuality "1"]

1. e4 c5 2. c3 e6 3. e5 d6 4. exd6 Bxd6 5. d4 cxd4 6. cxd4 Nf6 7. Nc3 0-0 8. Nf3 b6 9. Bd3 Bb7 10. 0-0 Nbd7 11. Bg5 Qb8 12. h3 h6 13. Be3 a6 14. a4 Ra7 15. Rc1 Qa8 16. Ne1 Nd5 17. Bb1 f5 18. Qb3 Rf6 19. Bd2 Rg6 20. Ne2 Kh8 21. g3 Qd8 22. f4 N7f6 23. Nf3 Nh5 24. Ne5 Bxe5 25. dxe5 Nc3 26. Qxc3 Qd5 27. Kf2 Qg2+ 28. Ke1 Nxg3 29. Nxg3 Rxg3 30. Qd4 Rxh3 31. Rc3 Rh1 32. Qf2 Qd5 33. Rxh1 Qxh1+ 34. Qf1 Qh4+ 35. Kd1 Ra8 36. Ba2 Rd8 37. Rd3 Qg4+ 38. Kc1 Rxd3 39. Bxe6 Rg3 40. Qc4 Rg1+ 41. Kc2 Qd1+ 0-1

[Event "SVK-chT1E 2223"]
[Site "Slovakia"]
[Date "2022.10.15"]
[Round "1.4"]
[White "Lednicky, Martin"]
[Black "Panko, Eduard1111"]
[Result "1-0"]
[WhiteElo "2099"]
[BlackElo "2038"]
[PlyCount "147"]
[EventDate "2022.10.15"]
[EventType "team-tourn"]
[EventRounds "11"]
[EventCountry "SVK"]
[SourceTitle "EXT 2024"]
[Source "ChessBase"]
[SourceDate "2023.10.10"]
[SourceVersion "1"]
[SourceVersionDate "2023.10.10"]
[SourceQuality "1"]
[WhiteTeam "Dunajov Martin"]
[BlackTeam "Michalovce Zemplin"]
[WhiteTeamCountry "SVK"]
[BlackTeamCountry "SVK"]

1. e4 Nf6 2. e5 Nd5 3. d4 d6 4. Nf3 g6 5. Be2 Bg7 6. 0-0 0-0 7. c4 Nb6 8. exd6 cxd6 9. Be3 Bg4 10. Nbd2 Nc6 11. h3 Bxf3 12. Nxf3 d5 13. c5 Nc8 14. b4 a6 15. Rb1 e6 16. a4 N8e7 17. b5 axb5 18. axb5 Na5 19. Qd2 Nf5 20. Rfc1 h5 21. Bf4 Qd7 22. Ne5 Qe8 23. g4 hxg4 24. hxg4 Ne7 25. Kg2 f6 26. Nf3 Qd7 27. Rh1 e5 28. dxe5 Qxg4+ 29. Bg3 fxe5 30. Nxe5 Qe4+ 31. Bf3 Nc4 32. Qxd5+ Nxd5 33. Bxe4 Nc3 34. Nxc4 Nxe4 35. c6 bxc6 36. b6 Nxg3 37. Kxg3 Bd4 38. f4 Ra4 39. Rhc1 Ra2 40. b7 Bf2+ 41. Kg4 Ba7 42. Nb6 Bb8 43. Rb4 Rf7 44. Rxc6 Rxb7 45. Rxg6+ Rg7 46. Rxg7+ Kxg7 47. f5 Rg2+ 48. Kf3 Rg3+ 49. Ke2 Bd6 50. Rb5 Kf7 51. Kf2 Rd3 52. Nd5 Kg7 53. Ne3 Rc3 54. Rb7+ Kf8 55. Ke2 Bc5 56. Nd5 Rh3 57. Nf4 Re3+ 58. Kd2 Rf3 59. Ne6+ Ke8 60. Nxc5 Rxf5 61. Ne4 Ra5 62. Kd3 Ra3+ 63. Kd4 Kf8 64. Ke5 Re3 65. Kf5 Rf3+ 66. Kg6 Ke8 67. Nd6+ Kd8 68. Nf5 Kc8 69. Rh7 Ra3 70. Kf6 Ra6+ 71. Ke5 Ra5+ 72. Ke6 Kd8 73. Rd7+ Kc8 74. Ne7+ 1-0

[Event "SVK-chT2C 2122"]
[Site "Slovakia"]
[Date "2022.03.05"]
[Round "5.1"]
[White "Svana, Peter"]
[Black "Lednicky, Martin"]
[Result "1-0"]
[WhiteElo "2280"]
[BlackElo "2152"]
[PlyCount "51"]
[EventDate "2021.10.16"]
[EventType "team-tourn"]
[EventRounds "11"]
[EventCountry "SVK"]
[SourceTitle "EXT 2023"]
[Source "ChessBase"]
[SourceDate "2022.10.05"]
[SourceVersion "1"]
[SourceVersionDate "2022.10.05"]
[SourceQuality "1"]
[WhiteTeam "Kysucke Nove Mesto"]
[BlackTeam "Rajecke Teplice"]
[WhiteTeamCountry "SVK"]
[BlackTeamCountry "SVK"]

1. c4 c6 2. Nf3 Nf6 3. Qc2 d5 4. b3 Bg4 5. g3 Na6 6. Bg2 Nb4 7. Qc3 Ne4 8. Qb2 dxc4 9. a3 Nd3+ 10. exd3 Qxd3 11. Qd4 Bxf3 12. Qxd3 Bxg2 13. Qe3 Bxh1 14. f3 Nd6 15. Kf2 Nf5 16. Qe4 e6 17. Kg1 Bxf3 18. Qxf3 Nd4 19. Qf1 cxb3 20. Nc3 h5 21. Bb2 h4 22. g4 Nc2 23. Rb1 0-0-0 24. Ne4 Rd7 25. Qc4 f5 26. Qxb3 1-0

[Event "SVK-chT2C 1920"]
[Site "Slovakia"]
[Date "2019.12.14"]
[Round "5.2"]
[White "Singliar, Anton"]
[Black "Lednicky, Martin"]
[Result "1/2-1/2"]
[WhiteElo "2054"]
[BlackElo "2186"]
[PlyCount "35"]
[EventDate "2019.10.26"]
[EventType "team-tourn"]
[EventRounds "11"]
[EventCountry "SVK"]
[SourceTitle "CBM 194 Extra"]
[Source "ChessBase"]
[SourceDate "2020.03.31"]
[SourceVersion "1"]
[SourceVersionDate "2020.03.31"]
[SourceQuality "1"]
[WhiteTeam "Bziny"]
[BlackTeam "Rajecke Teplice"]
[WhiteTeamCountry "SVK"]
[BlackTeamCountry "SVK"]

1. e4 e6 2. d4 d5 3. Nc3 Nf6 4. Bg5 Bb4 5. e5 h6 6. Bd2 Bxc3 7. bxc3 Ne4 8. Qg4 g6 9. h4 Nxd2 10. Kxd2 c5 11. h5 g5 12. Bb5+ Bd7 13. Bxd7+ Nxd7 14. Ne2 Qa5 15. Kd1 cxd4 16. cxd4 Qa4 17. Qh3 Rc8 18. Qb3 1/2-1/2

[Event "SVK-chT2C 1617"]
[Site "Slovakia"]
[Date "2016.12.04"]
[Round "6.2"]
[White "Kantorik, Marian"]
[Black "Lednicky, Martin"]
[Result "1/2-1/2"]
[WhiteElo "2252"]
[BlackElo "2226"]
[PlyCount "33"]
[EventDate "2016.10.08"]
[EventType "team-tourn"]
[EventRounds "11"]
[EventCountry "SVK"]
[SourceTitle "EXT 2018"]
[Source "ChessBase"]
[SourceDate "2017.10.13"]
[SourceVersion "1"]
[SourceVersionDate "2017.10.13"]
[SourceQuality "1"]
[WhiteTeam "Dunajov Inbest II"]
[BlackTeam "Rajecke Teplice"]
[WhiteTeamCountry "SVK"]
[BlackTeamCountry "SVK"]

1. d4 d5 2. c4 c6 3. Nf3 Nf6 4. e3 a6 5. Nc3 b5 6. c5 g6 7. Bd3 Bg7 8. 0-0 Nbd7 9. a3 0-0 10. b4 a5 11. Bb2 Qc7 12. Qd2 e5 13. dxe5 Ng4 14. Ne2 Ndxe5 15. Nxe5 Nxe5 16. Nd4 a4 17. Be2 1/2-1/2

[Event "SVK-chT2C 1516"]
[Site "Slovakia"]
[Date "2016.01.24"]
[Round "7.1"]
[White "Lisko, Frantisek"]
[Black "Lednicky, Martin"]
[Result "1/2-1/2"]
[WhiteElo "2237"]
[BlackElo "2233"]
[PlyCount "103"]
[EventDate "2015.10.17"]
[EventType "team-tourn"]
[EventRounds "11"]
[EventCountry "SVK"]
[SourceTitle "CBM 170 Extra"]
[Source "ChessBase"]
[SourceDate "2016.02.25"]
[SourceVersion "1"]
[SourceVersionDate "2016.02.25"]
[SourceQuality "1"]
[WhiteTeam "Dunajov Inbest II"]
[BlackTeam "Rajecke Teplice"]
[WhiteTeamCountry "SVK"]
[BlackTeamCountry "SVK"]

1. d4 d5 2. c4 c6 3. Nc3 Nf6 4. e3 a6 5. Bd3 b5 6. b3 Nbd7 7. Nf3 e6 8. 0-0 Be7 9. Qc2 Bb7 10. c5 Qc7 11. b4 a5 12. bxa5 Rxa5 13. Bd2 Ra8 14. Rfc1 0-0 15. a4 bxa4 16. Nxa4 e5 17. dxe5 Nxe5 18. Nxe5 Qxe5 19. Bc3 Qh5 20. Qb2 Bc8 21. h3 Bf5 22. Bxf5 Qxf5 23. Be5 Ra5 24. Bd4 Rb5 25. Qe2 Rfb8 26. Qf3 Qxf3 27. gxf3 Nd7 28. Nc3 Rb4 29. Ra6 Nxc5 30. Bxc5 Bxc5 31. Rxc6 Rc4 32. Ne2 Rxc1+ 33. Nxc1 Be7 34. Ne2 g6 35. f4 Rb2 36. Nd4 Kg7 37. Kg2 Bh4 38. Rc2 Rxc2 39. Nxc2 Kf6 40. Nd4 Ke7 41. Nf3 Bf6 42. Kf1 Bc3 43. Ke2 f6 44. Kd3 Ba5 45. Nd4 Kd6 46. Nb5+ Kc6 47. Nc3 Kc5 48. f3 f5 49. Ne2 Kd6 50. Nd4 Bb6 51. Nc2 Ba5 52. Nd4 1/2-1/2

[Event "CZE-chT2E 1516"]
[Site "Czech Republic"]
[Date "2016.01.10"]
[Round "5.2"]
[White "Zatloukal, Petr"]
[Black "Lednicky, Martin"]
[Result "1-0"]
[WhiteElo "2113"]
[BlackElo "2233"]
[PlyCount "79"]
[EventDate "2015.10.18"]
[EventType "team-tourn"]
[EventRounds "11"]
[EventCountry "CZE"]
[SourceTitle "EXT 2022"]
[Source "ChessBase"]
[SourceDate "2021.10.06"]
[SourceVersion "1"]
[SourceVersionDate "2021.10.06"]
[SourceQuality "1"]
[WhiteTeam "Grygov II"]
[BlackTeam "Dalesice Pivovar"]
[WhiteTeamCountry "CZE"]
[BlackTeamCountry "CZE"]

1. e4 e6 2. d4 d5 3. Nd2 Nf6 4. e5 Nfd7 5. Bd3 c5 6. c3 Nc6 7. Ne2 cxd4 8. cxd4 f6 9. exf6 Qxf6 10. Nf3 h6 11. 0-0 Bd6 12. Nc3 a6 13. Be3 0-0 14. Rc1 Rf7 15. Bb1 Nf8 16. a3 Bd7 17. Na4 Be8 18. Nc5 g5 19. h3 Rg7 20. Nh2 Bxh2+ 21. Kxh2 g4 22. Qd2 h5 23. Bh6 Rf7 24. Nb3 e5 25. dxe5 Qxe5+ 26. g3 Rf3 27. Rce1 Qf6 28. Nc5 Nd4 29. Bxf8 Bb5 30. Be7 Qg7 31. Ne6 Rd3 32. Qf4 Nf3+ 33. Kh1 Qxe7 34. Qf5 Nxe1 35. Rxe1 Rd4 36. Qg6+ Kh8 37. Qxh5+ Kg8 38. Qg6+ Kh8 39. Re5 Rd1+ 40. Kh2 1-0

[Event "SVK-chT2C 1415"]
[Site "Slovakia"]
[Date "2015.02.15"]
[Round "9.2"]
[White "Bednar, Jaromir"]
[Black "Lednicky, Martin"]
[Result "1/2-1/2"]
[WhiteElo "2249"]
[BlackElo "2269"]
[PlyCount "24"]
[EventDate "2014.10.11"]
[EventType "team-tourn"]
[EventRounds "11"]
[EventCountry "SVK"]
[SourceTitle "EXT 2016"]
[Source "ChessBase"]
[SourceDate "2015.10.08"]
[SourceVersion "1"]
[SourceVersionDate "2015.10.08"]
[SourceQuality "1"]
[WhiteTeam "Liptovska Stiavnica"]
[BlackTeam "Rajecke Teplice"]
[WhiteTeamCountry "SVK"]
[BlackTeamCountry "SVK"]

1. d4 d5 2. Nf3 Nf6 3. c4 c6 4. Nc3 a6 5. a4 e6 6. c5 b6 7. cxb6 a5 8. Ne5 Qxb6 9. e3 Bb4 10. Bd3 0-0 11. 0-0 Bd6 12. Ne2 c5 1/2-1/2

[Event "CZE-chT2E 1415"]
[Site "Czech Republic"]
[Date "2015.01.11"]
[Round "5.3"]
[White "Vrana, Frantisek"]
[Black "Lednicky, Martin"]
[Result "1/2-1/2"]
[WhiteElo "2246"]
[BlackElo "2269"]
[PlyCount "59"]
[EventDate "2014.11.02"]
[EventType "team-tourn"]
[EventRounds "11"]
[EventCountry "CZE"]
[SourceTitle "EXT 2022"]
[Source "ChessBase"]
[SourceDate "2021.10.06"]
[SourceVersion "1"]
[SourceVersionDate "2021.10.06"]
[SourceQuality "1"]
[WhiteTeam "Stare Mesto II"]
[BlackTeam "Dalesice Pivovar"]
[WhiteTeamCountry "CZE"]
[BlackTeamCountry "CZE"]

1. e4 e6 2. d4 d5 3. Nc3 Nf6 4. Bg5 Bb4 5. e5 h6 6. Bd2 Bxc3 7. bxc3 Ne4 8. Qg4 g6 9. Bd3 Nxd2 10. Kxd2 c5 11. h4 Nc6 12. Nf3 Qe7 13. Rab1 c4 14. Be2 b6 15. Qf4 Bd7 16. h5 g5 17. Qf6 0-0-0 18. Nh2 Qxf6 19. exf6 Rdg8 20. Ng4 Nd8 21. Ne5 Be8 22. Bg4 Rh7 23. Rhe1 Nb7 24. f3 Kc7 25. Re2 Nd6 26. Rbe1 Rf8 27. Bh3 Rg8 28. Bg4 Rf8 29. Bh3 Rg8 30. Bg4 1/2-1/2

[Event "SVK-chT1E 1415"]
[Site "Slovakia"]
[Date "2014.11.29"]
[Round "3.4"]
[White "Pinter, Erik"]
[Black "Lednicky, Martin"]
[Result "1/2-1/2"]
[WhiteElo "2354"]
[BlackElo "2269"]
[PlyCount "98"]
[EventDate "2014.10.18"]
[EventType "team-tourn"]
[EventRounds "11"]
[EventCountry "SVK"]
[SourceTitle "EXT 2016"]
[Source "ChessBase"]
[SourceDate "2015.10.08"]
[SourceVersion "1"]
[SourceVersionDate "2015.10.08"]
[SourceQuality "1"]
[WhiteTeam "Humenne"]
[BlackTeam "Zilina"]
[WhiteTeamCountry "SVK"]
[BlackTeamCountry "SVK"]

1. e4 e6 2. d4 d5 3. Nc3 Nf6 4. e5 Nfd7 5. f4 c5 6. Nf3 Nc6 7. Be3 cxd4 8. Nxd4 Bb4 9. Qd2 Nc5 10. Bd3 Nxd3+ 11. cxd3 f6 12. 0-0 0-0 13. exf6 Qxf6 14. Qf2 Qg6 15. Qe2 Bd6 16. Ncb5 Nxd4 17. Bxd4 Bxf4 18. Be5 Bd7 19. Nc7 Bxe5 20. Qxe5 Rad8 21. d4 Qe4 22. Rfe1 Qxe5 23. Rxe5 Rf6 24. Rae1 Kf7 25. g4 h6 26. h4 Rf4 27. g5 Rg4+ 28. Kf2 Rxh4 29. Nxe6 Bxe6 30. Rxe6 hxg5 31. Re7+ Kg6 32. Rxb7 Rf8+ 33. Kg3 Rxd4 34. Ree7 Rd3+ 35. Kg2 Kh5 36. Rxg7 Rc8 37. Rgc7 Rxc7 38. Rxc7 Rd2+ 39. Kg3 Rxb2 40. Rxa7 d4 41. Rh7+ Kg6 42. Rd7 Rb4 43. Kg4 Kf6 44. Rd5 Ra4 45. Rf5+ Ke6 46. Rxg5 d3+ 47. Kf3 Rd4 48. Rg1 Kd5 49. Ke3 d2 1/2-1/2

[Event "CZE-chT2E 1415"]
[Site "Czech Republic"]
[Date "2014.11.02"]
[Round "1.4"]
[White "Brazdil, Roman"]
[Black "Lednicky, Martin"]
[Result "1-0"]
[WhiteElo "2119"]
[BlackElo "2269"]
[PlyCount "105"]
[EventDate "2014.11.02"]
[EventType "team-tourn"]
[EventRounds "11"]
[EventCountry "CZE"]
[SourceTitle "EXT 2022"]
[Source "ChessBase"]
[SourceDate "2021.10.06"]
[SourceVersion "1"]
[SourceVersionDate "2021.10.06"]
[SourceQuality "1"]
[WhiteTeam "Postoupky"]
[BlackTeam "Dalesice Pivovar"]
[WhiteTeamCountry "CZE"]
[BlackTeamCountry "CZE"]

1. e4 e6 2. d4 d5 3. Nc3 Nf6 4. Bg5 Bb4 5. e5 h6 6. exf6 hxg5 7. fxg7 Rg8 8. h4 gxh4 9. Qh5 Rxg7 10. Qh8+ Bf8 11. Nf3 Nc6 12. 0-0-0 Bd7 13. Re1 Ne7 14. Qxh4 Ng6 15. Qxd8+ Kxd8 16. Bd3 c6 17. Bxg6 Rxg6 18. Ne5 Rf6 19. Rh7 Be8 20. Ng4 Rf4 21. f3 Bb4 22. Reh1 Bxc3 23. bxc3 Rc8 24. Ne5 Rc7 25. Rh8 Re7 26. Rf8 Rf5 27. Rhh8 c5 28. g4 Rxe5 29. dxe5 b5 30. f4 a5 31. Kd2 Kd7 32. Ke3 Kd8 33. Kf3 Kd7 34. Kg3 Kd8 35. Kh4 b4 36. cxb4 axb4 37. Kg3 c4 38. Kf3 d4 39. Ke4 d3 40. cxd3 b3 41. axb3 cxb3 42. Rh2 Rb7 43. Rb2 Ke7 44. Rh8 Bc6+ 45. Kd4 Bd5 46. f5 Rb4+ 47. Kc5 Rxg4 48. f6+ Kd7 49. Rf8 Rg3 50. Rxf7+ Ke8 51. Rg7 Rxd3 52. Rh2 Rc3+ 53. Kd4 1-0

[Event "CZE-chT1E 1314"]
[Site "Czech Republic"]
[Date "2014.01.26"]
[Round "6.5"]
[White "Lednicky, Martin"]
[Black "Uricar, Jakub"]
[Result "1-0"]
[WhiteElo "2255"]
[BlackElo "2196"]
[PlyCount "131"]
[EventDate "2013.10.20"]
[EventType "team-tourn"]
[EventRounds "11"]
[EventCountry "CZE"]
[SourceTitle "EXT 2015"]
[Source "ChessBase"]
[SourceDate "2014.11.20"]
[SourceVersion "1"]
[SourceVersionDate "2014.11.20"]
[SourceQuality "1"]
[WhiteTeam "Dalesice Pivovar"]
[BlackTeam "Stare Mesto"]
[WhiteTeamCountry "CZE"]
[BlackTeamCountry "CZE"]

1. e4 c5 2. Nf3 Nc6 3. Bc4 g6 4. 0-0 Bg7 5. c3 d6 6. h3 e6 7. Re1 Nge7 8. d4 0-0 9. Bg5 h6 10. Be3 cxd4 11. Nxd4 d5 12. exd5 Nxd5 13. Nxc6 bxc6 14. Bc5 Re8 15. Qa4 Bb7 16. Bb3 Bf8 17. Bxf8 Rxf8 18. Qg4 c5 19. Nd2 Kg7 20. Qg3 Qg5 21. Qxg5 hxg5 22. Bxd5 exd5 23. Re7 Bc6 24. Nb3 Rfe8 25. Rc7 Rac8 26. Rxc8 Rxc8 27. Nxc5 Re8 28. b4 Re2 29. a4 Rc2 30. Ra3 Rc1+ 31. Kh2 Rc2 32. f3 Kf6 33. b5 Be8 34. Rb3 Ra2 35. Rb1 Ke5 36. Re1+ Kd6 37. Nb7+ Kd7 38. Rd1 Kc7 39. Nc5 Kd6 40. Ne4+ Ke5 41. Nxg5 Rxa4 42. Re1+ Kf6 43. Rxe8 Kxg5 44. Re5+ Kf6 45. Rxd5 Rc4 46. Rd7 Rxc3 47. Rxa7 Rb3 48. Rb7 Rb4 49. b6 Rb2 50. Kg3 Rb4 51. f4 Rb3+ 52. Kg4 Rb2 53. g3 Rb3 54. h4 Rb5 55. Rb8 Kg7 56. b7 Rb3 57. h5 gxh5+ 58. Kxh5 Rb4 59. g4 Rb1 60. g5 Rh1+ 61. Kg4 Rg1+ 62. Kf3 Rf1+ 63. Ke2 Rb1 64. f5 Kh7 65. g6+ Kg7 66. gxf7 1-0

[Event "Trebic Highlands 9th"]
[Site "Trebic"]
[Date "2013.09.25"]
[Round "6"]
[White "Klima, Lukas"]
[Black "Lednicky, Martin"]
[Result "1/2-1/2"]
[WhiteElo "2344"]
[BlackElo "2255"]
[PlyCount "29"]
[EventDate "2013.09.21"]
[EventType "tourn"]
[EventRounds "9"]
[EventCountry "CZE"]
[EventCategory "2"]
[SourceTitle "CBM 156 Extra"]
[Source "ChessBase"]
[SourceDate "2013.10.22"]
[SourceVersion "1"]
[SourceVersionDate "2013.10.22"]
[SourceQuality "1"]

1. e4 e6 2. d4 d5 3. Nc3 Nf6 4. Bg5 Bb4 5. e5 h6 6. Bd2 Bxc3 7. bxc3 Ne4 8. Qg4 g6 9. Bd3 Nxd2 10. Kxd2 c5 11. h4 Nc6 12. h5 g5 13. Nf3 Qe7 14. a3 Bd7 15. Rhf1 1/2-1/2

[Event "CZE-chT1E 1213"]
[Site "Czech Republic"]
[Date "2012.11.10"]
[Round "3.5"]
[White "Lednicky, Martin"]
[Black "Hrabal, Michal"]
[Result "1-0"]
[WhiteElo "2263"]
[BlackElo "2100"]
[PlyCount "89"]
[EventDate "2012.10.21"]
[EventType "team-tourn"]
[EventRounds "11"]
[EventCountry "CZE"]
[SourceTitle "EXT 2014"]
[Source "ChessBase"]
[SourceDate "2013.11.20"]
[SourceVersion "1"]
[SourceVersionDate "2013.11.20"]
[SourceQuality "1"]
[WhiteTeam "Trebic Caissa"]
[BlackTeam "Grygov II"]
[WhiteTeamCountry "CZE"]
[BlackTeamCountry "CZE"]

1. e4 d6 2. d4 Nf6 3. Nc3 e5 4. Nge2 Nbd7 5. f3 Be7 6. Be3 c6 7. Qd2 h5 8. Ng3 g6 9. a4 b6 10. Bc4 a6 11. d5 Bb7 12. dxc6 Bxc6 13. 0-0 Nc5 14. b3 Bb7 15. Qf2 Rc8 16. Rad1 Kf8 17. Rd2 Kg7 18. Rfd1 Qc7 19. Nd5 Nxd5 20. Bxd5 Bxd5 21. Rxd5 Ne6 22. c4 Rb8 23. Qb2 f6 24. Ne2 Qc6 25. Rc1 Rhc8 26. Nc3 Nc7 27. Rd3 Qe8 28. b4 a5 29. bxa5 bxa5 30. Nb5 Na6 31. Qd2 Nb4 32. Nxd6 Bxd6 33. Rxd6 Rb7 34. Qd1 Rcb8 35. c5 Nc6 36. Qd5 Nb4 37. Qd2 Rc8 38. Rd1 Qxa4 39. c6 Rf7 40. Rd7 Nxc6 41. Bh6+ Kg8 42. Rxf7 Nd4 43. Rg7+ Kh8 44. Rb1 Qa3 45. Rbb7 1-0

[Event "SVK-chT1E 1213"]
[Site "Slovakia"]
[Date "2012.10.21"]
[Round "2.2"]
[White "Jacko, Vladimir"]
[Black "Lednicky, Martin"]
[Result "1-0"]
[WhiteElo "2333"]
[BlackElo "2263"]
[PlyCount "47"]
[EventDate "2012.10.20"]
[EventType "team-tourn"]
[EventRounds "11"]
[EventCountry "SVK"]
[SourceTitle "EXT 2014"]
[Source "ChessBase"]
[SourceDate "2013.11.20"]
[SourceVersion "1"]
[SourceVersionDate "2013.11.20"]
[SourceQuality "1"]
[WhiteTeam "Stara Lubovna"]
[BlackTeam "Rajecke Teplice"]
[WhiteTeamCountry "SVK"]
[BlackTeamCountry "SVK"]

1. c4 c6 2. e4 e5 3. Nf3 d6 4. d4 Qc7 5. Nc3 Nf6 6. Be2 Be7 7. 0-0 0-0 8. d5 Ne8 9. Ne1 f5 10. Nd3 Nf6 11. exf5 Bxf5 12. Be3 Nbd7 13. f3 Nb6 14. Nf2 cxd5 15. cxd5 Nc4 16. Bc1 Rac8 17. Qb3 Na5 18. Qb4 b6 19. Be3 Kh8 20. Ba6 Rcd8 21. Rac1 Qb8 22. Qa3 Bc8 23. Be2 Bb7 24. b4 1-0

[Event "CZE-chT2D 1112"]
[Site "Czech Republic"]
[Date "2012.03.04"]
[Round "9"]
[White "Lednicky, Martin"]
[Black "Siembab, Bartosz"]
[Result "0-1"]
[WhiteElo "2256"]
[BlackElo "2326"]
[PlyCount "72"]
[EventDate "2011.10.09"]
[EventType "team-tourn"]
[EventRounds "11"]
[EventCountry "CZE"]
[SourceTitle "EXT 2013"]
[Source "ChessBase"]
[SourceDate "2012.11.22"]
[SourceVersion "1"]
[SourceVersionDate "2012.11.22"]
[SourceQuality "1"]
[WhiteTeam "Trebic Caissa II"]
[BlackTeam "Rychnov nad Kneznou"]
[WhiteTeamCountry "CZE"]
[BlackTeamCountry "CZE"]

1. e4 c5 2. Nf3 Nc6 3. c3 d5 4. exd5 Qxd5 5. d4 e6 6. Na3 Nf6 7. Be3 cxd4 8. Nb5 Qd8 9. Nbxd4 Nxd4 10. Bxd4 Be7 11. Bd3 0-0 12. Qc2 h6 13. 0-0-0 Qa5 14. Kb1 b5 15. Qe2 Bb7 16. Bxb5 Bd5 17. c4 Be4+ 18. Ka1 a6 19. Bc3 Bb4 20. Bxb4 Qxb4 21. Bd7 Rab8 22. Ne5 Qc5 23. f4 Rb4 24. a3 Rb3 25. Ba4 Re3 26. Qd2 Rb8 27. Ka2 Nd5 28. Rhe1 Rxb2+ 29. Qxb2 Nc3+ 30. Ka1 Nxd1 31. Qb8+ Kh7 32. Rxe3 Qd4+ 33. Ka2 Qd2+ 34. Ka1 Qxe3 35. Qb4 Qc1+ 36. Ka2 Nc3+ 0-1

[Event "SVK-chT1E 1112"]
[Site "Slovakia"]
[Date "2012.02.05"]
[Round "9.2"]
[White "Lednicky, Martin"]
[Black "Macak, Stefan"]
[Result "0-1"]
[WhiteElo "2256"]
[BlackElo "2368"]
[PlyCount "96"]
[EventDate "2011.10.15"]
[EventType "team-tourn"]
[EventRounds "11"]
[EventCountry "SVK"]
[SourceTitle "EXT 2013"]
[Source "ChessBase"]
[SourceDate "2012.11.22"]
[SourceVersion "1"]
[SourceVersionDate "2012.11.22"]
[SourceQuality "1"]
[WhiteTeam "Rajecke Teplice"]
[BlackTeam "Kosice Slavia"]
[WhiteTeamCountry "SVK"]
[BlackTeamCountry "SVK"]

1. e4 e6 2. d4 d5 3. exd5 exd5 4. Bd3 Nc6 5. c3 Bd6 6. Nf3 Nge7 7. Qc2 Bg4 8. Nbd2 Qd7 9. 0-0 0-0-0 10. b4 f6 11. Qa4 Bxf3 12. Nxf3 Ne5 13. Qxd7+ Nxd7 14. a4 Nf8 15. Re1 c6 16. b5 Nfg6 17. g3 Rhe8 18. Ba3 Bxa3 19. Rxa3 Kc7 20. c4 dxc4 21. Bxc4 Nf5 22. Rxe8 Rxe8 23. bxc6 bxc6 24. Bd3 Nfe7 25. Rc3 Rb8 26. Rc4 Rb3 27. Be4 f5 28. Nd2 Rb2 29. Bc2 Nd5 30. Nf3 Nge7 31. Rc5 g6 32. Bd3 Rb4 33. a5 Kd6 34. Rc4 Rxc4 35. Bxc4 c5 36. Bf1 Nc6 37. dxc5+ Kxc5 38. a6 Kb6 39. Ng5 Nf6 40. Nf7 Ne4 41. Bc4 Nb4 42. f3 Nf6 43. Kf2 Nxa6 44. Ke3 Nb4 45. Kf4 Kc5 46. Bb3 a5 47. Ke5 Nfd5 48. Ng5 Nc6+ 0-1

[Event "SVK-chT1E 1112"]
[Site "Slovakia"]
[Date "2011.11.13"]
[Round "4.3"]
[White "Sterco, Stepan"]
[Black "Lednicky, Martin"]
[Result "0-1"]
[WhiteElo "2183"]
[BlackElo "2256"]
[PlyCount "136"]
[EventDate "2011.10.15"]
[EventType "team-tourn"]
[EventRounds "11"]
[EventCountry "SVK"]
[SourceTitle "EXT 2013"]
[Source "ChessBase"]
[SourceDate "2012.11.22"]
[SourceVersion "1"]
[SourceVersionDate "2012.11.22"]
[SourceQuality "1"]
[WhiteTeam "Michalovce Zemplin"]
[BlackTeam "Rajecke Teplice"]
[WhiteTeamCountry "SVK"]
[BlackTeamCountry "SVK"]

1. e4 e6 2. Qe2 Be7 3. Nf3 d5 4. exd5 exd5 5. g3 Nf6 6. Bg2 0-0 7. 0-0 Bg4 8. d4 Nc6 9. c3 Qc8 10. Qd3 Bf5 11. Qd1 Bh3 12. Ne5 Bxg2 13. Kxg2 Bd6 14. Nxc6 bxc6 15. Be3 Rb8 16. b4 Re8 17. Nd2 Qf5 18. Re1 Re7 19. Qf3 Qg6 20. Rac1 Rbe8 21. Nf1 Ne4 22. Qd1 f5 23. f3 Ng5 24. Bf2 Rxe1 25. Bxe1 Qh5 26. h4 Rxe1 27. Qxe1 Qxf3+ 28. Kh2 Ne4 29. Rc2 f4 30. Qe2 fxg3+ 31. Kg1 Qxe2 32. Rxe2 Nxc3 33. Rc2 Bxb4 34. Nxg3 g6 35. Kg2 Kf7 36. Kf3 Nb5 37. Ne2 c5 38. Rb2 a6 39. dxc5 Bxc5 40. Rc2 Bb6 41. a4 Nd6 42. Rc6 Nf5 43. Kg4 d4 44. Nf4 Ne7 45. Rc1 Kf6 46. Re1 h5+ 47. Kf3 Kf7 48. Ke4 Ba5 49. Rb1 Bb6 50. Ke5 Bc5 51. Ng2 Nf5 52. Rc1 Bd6+ 53. Ke4 c5 54. Kd5 Be7 55. Rh1 Ne3+ 56. Nxe3 dxe3 57. Rh3 e2 58. Rf3+ Bf6 59. Re3 Bxh4 60. Rxe2 Bd8 61. Rf2+ Kg7 62. Kxc5 h4 63. Kd5 Bb6 64. Rb2 Ba5 65. Ke4 Kh6 66. Kf3 Kh5 67. Rc2 g5 68. Rc4 Be1 0-1